header

Death of the Chesapeake (Record no. 40849)

MARC details
000 -LEADER
fixed length control field 01257nam a2200301Ia 4500
100 1# - MAIN ENTRY--AUTHOR NAME
Personal name Albright, Richard D.
245 10 - TITLE STATEMENT
Title Death of the Chesapeake
260 ## - PUBLICATION, DISTRIBUTION, ETC. (IMPRINT)
Place of publication Hoboken, NJ :
Name of publisher Wiley,
Year of publication c2013.
300 ## - PHYSICAL DESCRIPTION
Number of Pages xxiii, 201 p. :
Other physical details ill.
650 #0 - SUBJECT ADDED ENTRY--TOPICAL TERM
Topical Term Marine pollution
Topical Term Oceanography
856 40 - ELECTRONIC LOCATION AND ACCESS
Uniform Resource Identifier http://site.ebrary.com/lib/rucke/Doc?id=10715328

No items available.

© 2026 Rongo University
Contact us: librarian | system librarian | Rongo university